Ảnh hưởng của thuốc trừ sâu có hoạt chất Acephate lên hoạt tính Enzyme cholinesterase của cá lóc đồng ( channa striata ) giống : Luận văn Thạc sĩ chuyên ngành Khoa học Môi trường

Nội dung xác định nồng độ acphate gây chết 50% cá lóc theo thời gian 96giờ (LC50-96h). Xác định các loại enzyme cholinesterase với hoạt chất acephate và khả năng phục hồi. Ảnh hưởng của phun thuốc chứa hoạt chất acephate trên đồng ruộng đến hoạt ti...

Deskribapen osoa

Gorde:
Xehetasun bibliografikoak
Egile nagusia: Lê, Chí Linh
Formatua: Liburua
Hizkuntza:Undetermined
Argitaratua: Cần Thơ Trường Đại học Cần Thơ 2009
Gaiak:
Etiketak: Etiketa erantsi
Etiketarik gabe, Izan zaitez lehena erregistro honi etiketa jartzen!
Thư viện lưu trữ: Trung tâm Học liệu Trường Đại học Cần Thơ
LEADER 01283nam a2200217Ia 4500
001 CTU_154259
008 210402s9999 xx 000 0 und d
082 |a 639.31 
082 |b L312 
088 |a 60440301 
100 |a Lê, Chí Linh 
245 0 |a Ảnh hưởng của thuốc trừ sâu có hoạt chất Acephate lên hoạt tính Enzyme cholinesterase của cá lóc đồng ( channa striata ) giống : 
245 0 |b Luận văn Thạc sĩ chuyên ngành Khoa học Môi trường 
245 0 |c Lê Chí Linh Nguyễn Anh Tuấn, Nguyễn Văn Công ( hướng dẫn khoa học ) 
260 |a Cần Thơ 
260 |b Trường Đại học Cần Thơ 
260 |c 2009 
520 |a Nội dung xác định nồng độ acphate gây chết 50% cá lóc theo thời gian 96giờ (LC50-96h). Xác định các loại enzyme cholinesterase với hoạt chất acephate và khả năng phục hồi. Ảnh hưởng của phun thuốc chứa hoạt chất acephate trên đồng ruộng đến hoạt tính ChE của cá lóc đồng. 
650 |a Freshwater fishes,Cá nước ngọt 
904 |i QHieu 
980 |a Trung tâm Học liệu Trường Đại học Cần Thơ